Recent advances in DNA replication (Record no. 395234)
[ view plain ]
| 000 -LEADER | |
|---|---|
| fixed length control field | 00521 a2200205 4500 |
| 005 - DATE & TIME | |
| control field | 20260210104405.0 |
| 008 - FIXED-LENGTH DATA ELEMENTS--GENERAL INFORMATION | |
| fixed length control field | 260209b |||||||| |||| 00| 0 eng d |
| 020 ## - ISBN | |
| International Standard Book Number | 9798893640762 |
| Price | $ 153.00 |
| 040 ## - CATALOGING SOURCE | |
| Original cataloging agency | VIVEKANANDA LIBRARY |
| 082 ## - DDC NUMBER | |
| Classification number | 572.87 |
| Book Number | L515R |
| 100 ## - MAIN ENTRY--PERSONAL NAME | |
| Personal name | Lee, Tom, ed. |
| 245 ## - TITLE STATEMENT | |
| Title | Recent advances in DNA replication |
| 260 ## - PUBLICATION, DISTRIBUTION, ETC. (IMPRINT) | |
| Name of publisher, distributor, etc | Callisto Reference |
| Date of publication, distribution, etc | 2026 |
| Place of publication, distribution, etc | New York |
| 300 ## - PHYSICAL DESCRIPTION | |
| Pages | 218 |
| 650 ## - Subject | |
| Subject | Biochemistry |
| 650 ## - Subject | |
| Subject | Molecular Biology |
| 650 ## - Subject | |
| Subject | Genetics |
| 650 ## - Subject | |
| Subject | DNA Replication |
| 942 ## - ADDED ENTRY ELEMENTS (KOHA) | |
| Koha item type | Books |
| Withdrawn status | Lost status | Source of classification or shelving scheme | Damaged status | Not for loan | Location (home branch) | Sublocation or collection (holding branch) | Shelving location | Date acquired | Koha issues (times borrowed) | Koha full call number | Accession No. | Koha date last seen | Koha item type |
|---|---|---|---|---|---|---|---|---|---|---|---|---|---|
| Dewey Decimal Classification | VIVEKANANDA LIBRARY | VIVEKANANDA LIBRARY | Vivekananda Library | 13/01/2026 | 572.87 L515R | 444359 | 13/01/2026 | Books |
